Η εξέλιξη του ανθρώπου
Αποθηκεύτηκε σε:
| Κύριος συγγραφέας: | |
|---|---|
| Μορφή: | Βιβλίο |
| Γλώσσα: | Greek |
| Δημοσίευση: |
Αθήνα :
Καστανιώτης,
1993-1996.
|
| Έκδοση: | 2η έκδ. |
| Θέματα: | |
| Ετικέτες: |
Προσθήκη ετικέτας
Δεν υπάρχουν, Καταχωρήστε ετικέτα πρώτοι!
|
MARC
| LEADER | 00000cam a2200000 i 4500 | ||
|---|---|---|---|
| 001 | 1/100334 | ||
| 008 | 980316m19931996gr | ||| |||| ||gre|| | ||
| 020 | |a 9600304580 |q (set) | ||
| 020 | |a 9600304572 |q (τ. 1) | ||
| 020 | |a 9600309922 |q (τ. 3) | ||
| 035 | |l 10102816 | ||
| 040 | |a GR-MyUa |b gre |e AACR2 | ||
| 041 | 0 | |a gre | |
| 082 | 7 | |a 301 |2 (23) | |
| 082 | 7 | |a 306 |2 (22) | |
| 100 | 1 | |a Δημητρίου, Σωτήρης Θ., |d 1925-2016. | |
| 245 | 1 | 2 | |a Η εξέλιξη του ανθρώπου / |c Σωτήρης Δημητρίου. |
| 250 | |a 2η έκδ. | ||
| 260 | |a Αθήνα : |b Καστανιώτης, |c 1993-1996. | ||
| 300 | |a 4 τ. : |b εικ. ; |c 21 εκ. | ||
| 504 | |a Περιλαμβάνουν βιβλιογραφίες και ευρετήρια. | ||
| 505 | 8 | |a Τ. 1. Ανθρωπογένεση-ανθρωπολογία -- τ. 2. Τα πρώτα βήματα -- τ. 3. Παλαιολιθική εποχή -- τ. 4. Αρχές της κοινωνικής οργάνωσης. | |
| 650 | 0 | |a Anthropology. | |
| 650 | 0 | |a Prehistoric peoples. | |
| 650 | 0 | |a Stone age. | |
| 650 | 0 | |a Anthropology, Prehistoric. | |
| 650 | 0 | |a Premitive societies. | |
| 852 | |a INST |b LESVOS |e 19980316 |h 306 ΔΗΜ |p 005100013077 |q 005100013077 |t BK |y 0 |z τ.1 | ||
| 852 | |a INST |b LESVOS |e 19980929 |h 306 ΔΗΜ |p 005100013078 |q 005100013078 |t BK |y 0 |z τ.2 | ||
| 852 | |a INST |b LESVOS |e 19980929 |h 306 ΔΗΜ |p 005100013079 |q 005100013079 |t BK |y 0 |z τ.3 | ||
| 852 | |a INST |b LESVOS |e 19980929 |h 306 ΔΗΜ |p 005100013080 |q 005100013080 |t BK |y 0 |z τ.4 | ||
| 852 | |a INST |b LESVOS |e 19980316 |h 306 ΔΗΜ |p 005100013077 |q 005100013077 |t BK |v τ.1: |y 0 |z τ.1 | ||
| 852 | |a INST |b LESVOS |e 19980929 |h 306 ΔΗΜ |p 005100013078 |q 005100013078 |t BK |v τ.2: |y 0 |z τ.2 | ||
| 852 | |a INST |b LESVOS |e 19980929 |h 306 ΔΗΜ |p 005100013079 |q 005100013079 |t BK |v τ.3: |y 0 |z τ.3 | ||
| 852 | |a INST |b LESVOS |e 19980929 |h 306 ΔΗΜ |p 005100013080 |q 005100013080 |t BK |v τ.4: |y 0 |z τ.4 | ||
| 852 | |a INST |b SYROS |e 20090121 |h 301 ΔΗΜ |p 005500008739 |q 005500008739 |t BK |y 0 |z τ.3 | ||
| 852 | |a INST |b SYROS |e 20090121 |h 301 ΔΗΜ |p 005500008739 |q 005500008739 |t BK |v τ.3: |y 0 |z τ.3 | ||
| 853 | |a INST |b LESVOS |h 306 ΔΗΜ | ||
| 853 | |a INST |b SYROS |h 301 ΔΗΜ | ||
| 901 | |a BIBL5-2009-1 | ||
| 901 | |a BIBL1-1998-3 | ||
| 920 | |a ΔΩΡΕΑ ΒΙΒΛΙΟΘΗΚΗΣ |y ΛΕΣΒΟΣ |z 1998-02 | ||
| 922 | |a 5ΕΛΗ |b 200801 |c ΕΠΕΑΕΚ2/ΤΜΣΠΣ |d Σ. Πατάκης | ||
| 950 | |a 117-1998-01-28 | ||
| 970 | |a Καγιαβά |b Ειρήνη |z 21/01/2009 | ||